000 00355nam a2200157Ia 4500
003 Ost
005 20260225132542.0
008 260225s9999||||xx |||||||||||||| ||und||
040 _cfsic
041 _afre
082 _a332.4
100 _aJanine Brèmond
_eAuteur
245 0 _aLa famille en qustion /
245 0 _cJanine Brèmond
942 _cكتاب
999 _c33567
_d33567